KOHA-Header-6

wajhe se abdulhaq tak (Record no. 7984)

000 -LEADER
fixed length control field 00260nam a2200109Ia 4500
100 ## - MAIN ENTRY--AUTHOR NAME
Personal name Dr Sayad Abdullah
245 #0 - TITLE STATEMENT
Title wajhe se abdulhaq tak
260 ## - PUBLICATION, DISTRIBUTION, ETC. (IMPRINT)
Place of publication Lahore
Name of publisher Sang-e-meel
Year of publication 2012
300 ## - PHYSICAL DESCRIPTION
Number of Pages 588
942 ## - ADDED ENTRY ELEMENTS (KOHA)
Koha item type Books
Holdings
Withdrawn status Lost status Collection code Permanent Location Current Location Shelving location Date acquired Full call number Accession Number Koha item type
    Urdu Literature MAJU MAJU   2019-09-13 891.439 2302 Urdu Literature

Powered by Koha